Normal view
MARC view
- Russo-Turkish War, 1877-1878
Entry Topical Term
001 - CONTROL NUMBER
- control field: 50007
003 - CONTROL NUMBER IDENTIFIER
- control field: NUST
005 - DATE AND TIME OF LATEST TRANSACTION
- control field: 20210314134514.0
008 - FIXED-LENGTH DATA ELEMENTS
- fixed length control field: 210314|| aca||aabn | a|a d
040 ## - CATALOGING SOURCE
- Original cataloging agency: NUST
- Transcribing agency: NUST
150 ## - HEADING--TOPICAL TERM
- Topical term or geographic name entry element: Russo-Turkish War, 1877-1878
- General subdivision: Campaigns
670 ## - SOURCE DATA FOUND
- Source citation: Work cat.: (NUST): Greene, F. V. 49456, The campaign in Bulgaria, 1877-1878, 1903.
